000 00634nam0a22002531 4500
001 RU\NLR\INFOCOMM15\ROSSICA\1000012359
005 20250613190950.0
035 _a(NLR Aleph) 009923064
090 _a10677554
_c10677554
100 _a20030922d1858 |||y0rusy50 ca
101 0 _ager
102 _aRU
105 _ay ||||000ay
200 1 _aZwei Predigten
_fPastor Richter
210 _aSt.Petersburg
_d1858
215 _d
700 1 _aRichter
_bA.
_gAdolf
_4070
801 1 _aRU
_bInfoComm
_c20030922
801 0 _aRU
_bNLR
_gPSBO
852 _aNLR
_j21.5.2.200
942 _cBOOK
980 _aNB
980 _aRossica